| Tag |
First Indicator |
Second Indicator |
Subfields |
| LEADER |
00000cam a2200000I 4500 |
| 001 |
in00001820721 |
| 005 |
20151026052703.0 |
| 008 |
791019s1969 ru d 000 0 rus d |
| 035 |
|
|
|a (OCoLC)ocm05540297
|
| 040 |
|
|
|a NSA
|c NSA
|d OCL
|d IUL
|d OCLCQ
|d TXA
|d UtOrBLW
|
| 041 |
0 |
|
|a rus
|a ger
|
| 049 |
|
|
|a TXAM
|
| 090 |
|
|
|a TJ9
|b .D44 1969
|
| 092 |
|
|
|a 669.03
|b D425n
|
| 100 |
1 |
|
|a Deputatova, N. F.
|q (Nina Fedorovna)
|
| 245 |
1 |
0 |
|a Nemet︠s︡ko-russkiĭ slovarʹ po metalloobrabotke :
|b Okolo 20 000 terminov /
|c Sost.: N.F. Deputatova [i dr.] Pod red. V.V. Shvart︠s︡a.
|
| 250 |
|
|
|a Izd. 3., perer. i dop.
|
| 264 |
|
1 |
|a Moskva :
|b Sovet︠s︡kai︠a︡ Ėnt︠s︡iklopedii︠a︡,
|c 1969.
|
| 300 |
|
|
|a 480 pages
|
| 336 |
|
|
|a text
|b txt
|2 rdacontent
|
| 337 |
|
|
|a unmediated
|b n
|2 rdamedia
|
| 338 |
|
|
|a volume
|b nc
|2 rdacarrier
|
| 500 |
|
|
|a Added title page in German.
|
| 650 |
|
0 |
|a Metal-work
|v Dictionaries
|x German.
|
| 650 |
|
0 |
|a German language
|v Dictionaries
|x Russian.
|
| 700 |
1 |
|
|a Shvart͡s, V. V.
|q (Vladimir Vladislavovich)
|
| 740 |
0 |
|
|a Deutsch-russisches Wörterbuch der Metallbearbeitung.
|
| 948 |
|
|
|a cataloged
|b h
|c 2004/3/25
|d c
|e spoltoratski
|f 11:59:22 am
|
| 994 |
|
|
|a E0
|b TXA
|
| 999 |
|
|
|a MARS
|
| 999 |
f |
f |
|s 95fcb239-89e1-324b-b94f-5edbbc5b069a
|i daaf2a3e-11cf-32e5-bc8b-6c20765130a5
|t 0
|
| 952 |
f |
f |
|p ric
|a Texas A&M University
|b Rellis Campus
|c Joint Library Facility
|d Remote Storage
|t 0
|e TJ9 .D44 1969
|h Library of Congress classification
|i unmediated -- volume
|m A14830870513
|
| 998 |
f |
f |
|a TJ9 .D44 1969
|t 0
|l Remote Storage
|